000 00684nam a2200229 i 4500
001 C2-0306636
003 PPAK
005 20180728092937.0
008 101202s2006 my a|||| ||||| | may d
040 _aPPAK
_beng
_cPPAK
_erda
082 0 4 _a297.27
_223
090 0 0 _a297.27
_bKDB
_dG
100 0 _aK.D.Bahaudin Mudhary,
_eauthor
245 1 0 _aMencari Kebenaran
_bSuatu dialog Islam-Kristian
264 1 _aSelangor :
_bPersatuan Ulama Malaysia ,
_c2006
300 _a122 pages :
_bcolour illustrations ;
_c21 cm
336 _2rdacontent
_atext
337 _2rdamedia
_aunmediated
338 _2rdacarrier
_avolume
650 1 0 _aIslam - Relation - Christianity
942 _ddc
_cB
999 _c109507
_d109507